Times do Space Jam - Statistics

Estatísticas Gerais
  • Esse quiz foi jogado 512 vezes
  • A pontuação média é 5 de 10
Estatísticas das Respostas
Time Personagem / Jogador % Correto
Tune Squad Pernalonga
91%
Tune Squad Michael Jordan
85%
Tune Squad Patolino
81%
Tune Squad Lola Bunny
63%
Tune Squad Taz
54%
Monstars Pound / Charles Barkley
31%
Monstars Bang / Patrick Ewing
28%
Monstars Nawt / Muggsy Bogues
24%
Monstars Bupkus / Larry Johnson
22%
Monstars Blanko / Shawn Bradley
19%
Nenhum quiz correspondente encontrado
Distribuição das Pontuações
Porcentagem de Pessoas com Cada Pontuação
Percentil de Números Respondidos
Sua Pontuação Histórica
Você não jogou esse quiz